Edvard Munch - výkrik duše

Bibliographic Details
Main Author: Jablonská, Beata, 1967- (Author)
Format: Article
Language:Slovak
PhysicalDescription:Obr. 1
Subjects:

MARC

LEADER 00000nab a2200000 a 4500
001 vtls000509707
003 SK-MaSNL
005 20260304084413.0
008 250425c1994 xo 0 slo
015 |a SNBRB19rr/mm-uuuuu 
035 |a CL0509845 
035 |a urn:nbn:sk:snk-abcpi 
035 |a (urnnbn)urn:nbn:sk:snk:ar-a067b0 
035 |a (uuid)ebcab5de-3eac-411c-94f0-aa07a6225c42 
040 |a SNKBUCL  |b slo  |c SNKBUCL  |e AACR2 
041 0 |a slo 
044 |a xo  |c SK 
080 |a 75.071.1  |2 1981 
080 |a 929 Munch, Edvard  |2 1981 
100 1 |a Jablonská, Beata,  |d 1967-  |4 aut  |9 86396 
245 1 0 |a Edvard Munch - výkrik duše  |c Beata Jablonská 
300 |b Obr. 1 
600 1 7 |a Munch, Edvard,  |d 1863-1944  |2 snkbucl  |9 123074 
655 7 |a články z novín a časopisov  |2 snkbucl  |9 267496 
773 0 |t Revue profesionálnej sestry  |g Roč. 1, č. 2 (1994), s. 25 
850 |a Slovenská národná knižnica 
852 |a Slovenská národná knižnica 
958 |a article27 
958 |a OND 
958 |a RK 
958 |a BC 
958 |a NO 
958 |a EUIPO 
992 |a RBX 
999 |c 2803257  |d 2805187